[Event "AUT-chT2S 9495"]
[Site "Austria"]
[Date "1995.??.??"]
[Round "11"]
[White "Graupp, Johann"]
[Black "Pesorda, Ivan"]
[Result "0-1"]
[WhiteElo "1990"]
[BlackElo "2095"]
[PlyCount "84"]
[EventDate "1994.??.??"]
[EventType "team"]
[EventRounds "11"]
[EventCountry "AUT"]
[SourceTitle "EXT 1998"]
[Source "ChessBase"]
[SourceDate "1997.11.17"]
[SourceVersion "1"]
[SourceVersionDate "1997.11.17"]
[SourceQuality "1"]

1. d4 Nf6 2. c4 c5 3. d5 e6 4. Nc3 exd5 5. cxd5 d6 6. Nf3 g6 7. e4 Bg7 8. Bd3 0-0 9. 0-0 a6 10. a4 Bg4 11. h3 Bxf3 12. Qxf3 Nbd7 13. Qe2 Re8 14. Bf4 Ne5 15. Bxe5 Rxe5 16. f4 Re8 17. Rae1 Nh5 18. Kh2 Qh4 19. Qf2 Qxf2 20. Rxf2 g5 21. g3 gxf4 22. gxf4 Kh8 23. Ref1 Bxc3 24. bxc3 Nf6 25. Re2 c4 26. Bxc4 Rxe4 27. Rxe4 Nxe4 28. Re1 Nd2 29. Be2 Re8 30. Kg2 Nb3 31. Kf3 Nd2+ 32. Kg4 h5+ 33. Kg3 Ne4+ 34. Kg2 Nxc3 35. Kf2 Rxe2+ 36. Rxe2 Nxe2 37. Kxe2 b5 38. axb5 axb5 39. Kd3 Kg7 40. Kc3 Kf6 41. Kb4 Kf5 42. Kxb5 Kxf4 0-1